00604 2200205 4500001002100000005001500021035002000036007000300056008004100059082000800100084001400108100002400122245005400146250002000200260003900220300005600259650002100315700001800336856004400354INLIS00000000113753620220119083301 a0010-0122002646ta220119 0 ind  a372 a372 FAJ b0 aFajar Maulana Yusuf1 aBeningnya Air Sucinya Hati /cFajar Maulana Yusuf aCetakan Pertama aBandung :bMughni Sejahtera,c2007 a108 halaman :bIlustrasi ;c22 x 16cmeBahan Kertas 4aPendidikan Dasar0 aAnwar Firdaus aKoleksi Perpustakaan Umum Kota Makassar